Palpatine quiz - Statistics

General Stats
  • This quiz has been taken 29 times
  • The average score is 10 of 14
Answer Stats
Hint Answer % Correct
The Iconic apprentice of Palpatine in the main trilogy Darth Vader
100%
Palpatine goes by this name Darth ___ Sidious
96%
The name of the Jedi he electrocutesin the third prequel Mace Windu
91%
Palpatine's apprentice that goes by DarthTyranus Count Dooku
87%
Which Movie does not havePalpatine in it? Rogue One|Solo|A New Hope|The Force Awakens|The Last Jedi
83%
Palpatine's first name Sheev
83%
The names of the Jedi who also went to go arrest him Kit Fisto|Agen Kolar|Saesee Tiin
78%
The Birth Planet of Palpatine Naboo
78%
The "genetic strandcast" Palpatine createsthat plays a role in the sequel films Snoke
78%
The planet he went to in the final movie (9) Exegol
70%
Palpatine's master Darth Plagueis
65%
Palpatine is Secretly Afraid of This Jedi Qui Gon Jinn
61%
The master of Palpatine's master Darth Tenebrous
43%
The Robot apprentice of Palpatine General Grevious
17%
No matching quizzes found
Score Distribution
Percent of People with Each Score
Percentile by Number Answered
Your Score History
You have not taken this quiz